000 01087nam a22003137a 4500
001 BR7705437
003 BR-BrBNA
005 20230928085441.0
007 ta
008 230509b bl.||||| |||| 00| 0 por d
040 _aBR-BrBNA
_bpor
_cBiblioteca Nacional de Agricultura
041 _a(Por)
072 _aE15; E30; C00
_b/G514
_b/GZ36
090 _ E15 BR7705437
110 1 _aEmpresa de Assistencia Tecnica e Extensao Rural do Estado do Maranhao, Sao Luis (Brasil)
_94038
245 1 _aTreinamento sobre fundamentacao em PDRJ, para regionais, assessores e executores do sub-projeto de ATER do Medio Vale do Mearim [Programa de Desenvolvimento Rural Integrado, Assistencia Tecnica e Extensao Rural, Maranhao, Brasil]
260 3 _aSao Luis, MA (Brasil):
_c1977.
300 _a9 p.
650 _aPLANEJAMENTO AGRICOLA
650 _aASSISTENCIA TECNICA
650 _aEXTENSAO RURAL
650 _aTREINAMENTO
650 _aCOOPERATIVA
650 _aPRODUTIVIDADE
650 _aMAO-DE-OBRA
650 _aMARANHAO
909 _a202309
_bLucia
_c55
_dLucia Elande
942 _cBK
999 _c24494
_d24494